[Event "17th Caspian Cup-Masters 2019"]
[Site "Anzali"]
[Date "2019.02.18"]
[Round "8.6"]
[White "Yeritsyan, Hayk"]
[Black "Dilanyan, Grigor"]
[Result "1-0"]
[WhiteElo "2152"]
[BlackElo "2241"]
[Annotator "TA"]
[PlyCount "107"]
[EventDate "2019.02.12"]
[EventType "swiss"]
[EventRounds "9"]
[EventCountry "IRI"]
[SourceTitle "playchess.com"]
[Source "ChessBase"]
[SourceQuality "1"]

{[%evp 17,107,-5,-2,-14,16,-106,-106,-88,-94,-100,-113,-113,-102,-122,-99,-104,-104,-106,-104,-101,-100,-101,-89,-108,-103,-156,-155,-156,-156,-259,-259,-278,0,0,0,-25,49,40,35,0,0,0,0,0,0,-18,0,0,0,-2,0,0,0,0,0,0,0,0,0,-15,0,0,0,9,64,66,65,66,66,66,155,156,169,112,166,128,482,443,563,549,612,612,1173,1182,1745,1390,29984,29985,29989,29990,29993,29994]} 1. e4 e5 2. Nf3 Nc6 3. d4 exd4 4. Nxd4 Nf6 5. Nxc6 bxc6 6. e5 Qe7 7. Qe2 Nd5 8. c4 Ba6 9. b3 g6 10. Ba3 {C45: Scotch Game} (10. f4 d6 11. Qf2 Nf6 12. Be2 dxe5 13. O-O Ne4 14. Qf3 f5 15. Nc3 exf4 16. Nxe4 Qxe4 17. Qxe4+ fxe4 18. Rxf4 {½-½ (35) Nepomniachtchi,I (2757)-Grischuk,A (2766) chess.com INT 2018}) 10... Qh4 {And now ...Qd4 would win.} 11. Bxf8 $146 (11. Bb2 $1 $11 {remains equal.}) ({Predecessor:} 11. Bb2 Bb4+ 12. Nd2 Nc3 13. Qe3 Ne4 14. g3 Bxd2+ 15. Qxd2 Nxd2 16. gxh4 Nxf1 17. e6 f6 18. Rxf1 {1-0 (60) Landa,K (2639)-Stern,R (2506) Germany 2011}) 11... Qd4 $17 12. Ba3 {Black is better.} Qxa1 13. Qb2 Qxb2 14. Bxb2 Nf4 15. e6 Rf8 16. exd7+ Kxd7 17. g3 Rae8+ 18. Kd2 Ne6 19. Bf6 c5 20. Bh3 Bb7 21. Re1 {[#]} (21. Rc1 $142) 21... Kd6 $1 22. Be5+ Kc6 23. Nc3 (23. Bxe6 $17 Rxe6 24. Re3) 23... f6 $19 24. Bg2+ {[#]} Kb6 $2 ({Black should try} 24... Kd7 $1 $19 25. Bxb7 fxe5) 25. Na4+ $11 Ka6 {[#]} 26. Bxc7 $1 {[%mdl 512]} Bxg2 (26... Nxc7 $11 27. Nxc5+ Kb6 28. Rxe8 Rxe8 29. Na4+ (29. Nxb7 Na6 $15) 29... Ka5 30. Bxb7 Kb4) 27. Rxe6+ $1 $14 Kb7 28. Rxe8 (28. Bf4 {feels hotter.} Rxe6 29. Nxc5+ Kc6 30. Nxe6 Re8 31. Nd4+) 28... Rxe8 {[%mdl 4096] Endgame KRB-KBN} 29. Bf4 Kc6 30. Be3 Bf1 31. Ke1 Bd3 32. Kd2 Bb1 33. Nc3 Bf5 34. Na4 $1 Bg4 35. Bxc5 Re2+ 36. Kc3 a6 {[%cal Ba7a6,Ba6a5][%mdl 32]} 37. a3 Ra2 38. Bd4 f5 39. Kb4 Rd2 40. Be3 Rd3 (40... Re2 $1 $11) 41. Nb2 $1 {[%cal Rb2d3]} a5+ 42. Ka4 Rc3 43. b4 {[%cal Bb3b4,Bb4b5][%mdl 32]} f4 ({Black should play} 43... axb4 $14 44. axb4 Be2) 44. b5+ $16 Kb7 45. gxf4 (45. Bxf4 $18 Rc2 46. Be5) 45... Bf5 (45... Be2 $16 {is a better defense.}) 46. Kxa5 {Threatens to win with Kb4.} Rc2 $2 {[%mdl 8192]} (46... Rxa3+ $16 {is more resistant.} 47. Kb4 Ra2) 47. Bd4 $18 Rd2 48. Be5 Rxf2 49. c5 Bd7 50. Nc4 Rxh2 51. Kb4 h5 52. Na5+ {White mates.} Ka8 53. b6 Bc8 54. c6 {Accuracy: White = 61%, Black = 47%.} 1-0

[Event "17th Caspian Cup-Masters 2019"]
[Site "Anzali"]
[Date "2019.02.18"]
[Round "8.7"]
[White "Mousavi, Seyed Khalil"]
[Black "Sheykhali, Mohammadreza"]
[Result "1-0"]
[WhiteElo "2485"]
[BlackElo "2203"]
[Annotator "TA"]
[PlyCount "73"]
[EventDate "2019.02.12"]
[EventType "swiss"]
[EventRounds "9"]
[EventCountry "IRI"]
[SourceTitle "playchess.com"]
[Source "ChessBase"]
[SourceQuality "1"]

{[%evp 13,73,47,54,0,37,39,53,50,62,56,54,32,30,31,32,32,60,0,0,0,0,-42,33,-16,49,59,77,66,135,121,152,117,117,100,93,77,92,64,93,31,59,3,90,0,2,0,215,202,192,97,243,39,249,247,885,874,1506,1410,1363,1287,29989,29990]} 1. e4 c5 2. Nf3 e6 3. d4 cxd4 4. Nxd4 a6 5. Bd3 Qc7 6. O-O d6 {B42: Sicilian: Kan Variation: 5 Bd3} (6... Nf6 7. Qe2 d6 8. f4 Nbd7 9. c4 Be7 10. Nc3 O-O 11. Kh1 b6 12. Bd2 Re8 13. Rae1 Bb7 14. Nf3 e5 15. Nd5 Bxd5 16. cxd5 exf4 17. Bxf4 Bf8 18. Bg5 h6 19. Bxf6 Nxf6 {0-1 (42) Saric,I (2687)-Fedorchuk,S (2607) Bastia 2018}) 7. f4 Nf6 {LiveBook: 13 Games} 8. f5 $146 ({White should try} 8. c4 $14) ({Predecessor:} 8. Kh1 Be7 9. c4 Nc6 10. Be3 O-O 11. Nc3 Nd7 12. Rc1 Qd8 13. Bb1 Rb8 14. Qf3 Re8 15. Rfd1 Nxd4 16. Bxd4 Qc7 {1-0 (32) Sarenac,I (2414)-Velickovic,S (2312) Novi Sad 2016}) 8... Qb6 {The position is equal.} (8... Nc6 {with more complications.} 9. Be3 Ne5 10. fxe6 fxe6 11. h3 Bd7) 9. Kh1 $1 Nc6 (9... Qxd4 $2 10. Bb5+ $1 {[%mdl 512]} axb5 11. Qxd4 $18) 10. Nxc6 Qxc6 11. Qe1 Be7 12. Qg3 Bd7 13. Nc3 ({Reject} 13. Qxg7 Rg8 $15) 13... h5 {[%cal Bh7h5,Bh5h4,Bh4h3][%mdl 32]} 14. Bg5 h4 15. Qf3 (15. Bxh4 $14 Qc5 16. Rad1) 15... h3 16. g4 O-O-O $1 17. Ne2 Rdg8 (17... Qc7 $15) 18. b4 exf5 ({Black should play} 18... Qc7 $11) 19. Nd4 $14 Qc7 20. Nxf5 Bf8 (20... Bd8 $14) 21. Ne3 Kb8 22. c4 ({Don't take} 22. Bxf6 $6 gxf6 23. Rab1 Be7 $14) 22... Qc8 {[%cal Rd7g4]} 23. Rg1 Be6 24. a4 {[%cal Ba2a4,Ba4a5][%mdl 32]} Nd7 25. a5 g6 26. Rac1 ({Better is} 26. Bf4 $1 $16) 26... Bg7 27. c5 (27. Bf4 $14) 27... dxc5 (27... Ne5 $11 28. Qe2 Qd7) 28. bxc5 (28. Nd5 $16) 28... Ne5 $1 $11 {[%cal Re5f3]} 29. Bf4 Ka7 $2 (29... Rd8 $1 $11 {and Black has nothing to worry.} 30. Nc4 Qc7 31. Nxe5 Bxe5 32. Bxe5 Qxe5) 30. Bxe5 $1 $18 Bxe5 {[#]} 31. Nd5 (31. c6 $1 $18 {[%mdl 512]}) 31... Bd4 {[#]} (31... Qc6 $16) 32. Rgf1 $2 (32. c6 $1 $18 {[%mdl 512]}) 32... Bxg4 $2 {[#]} (32... Re8 $1 $14) 33. Qg3 $1 {Strongly threatening c6.} Re8 $2 (33... Bxc5 34. Nb6 (34. Rxf7 Rf8 $11) 34... Qc6) 34. c6 {[%cal Bc5c6,Bc6b7][%mdl 32]} Be6 35. cxb7 Qb8 36. Nc7 {Black must now prevent Qd6.} Re7 37. Qd6 {Precision: White = 48%, Black = 36%.} 1-0

[Event "17th Caspian Cup-Masters 2019"]
[Site "Anzali"]
[Date "2019.02.18"]
[Round "8.8"]
[White "Tavoosi Rad, Ramtin"]
[Black "Pour Agha Bala, Amirreza"]
[Result "0-1"]
[WhiteElo "2173"]
[BlackElo "2362"]
[Annotator "TA"]
[PlyCount "128"]
[EventDate "2019.02.12"]
[EventType "swiss"]
[EventRounds "9"]
[EventCountry "IRI"]
[SourceTitle "playchess.com"]
[Source "ChessBase"]
[SourceQuality "1"]

{[%evp 17,128,33,33,15,17,8,43,39,32,26,13,23,22,-9,24,28,75,63,85,72,91,85,96,92,90,48,86,77,93,42,47,47,47,47,43,42,59,42,74,57,50,0,64,52,57,55,77,36,43,39,56,52,60,14,22,11,16,0,54,-29,-29,-29,-29,-29,-29,-29,-29,-29,-29,-54,-42,-50,-30,-50,-39,-52,-30,-58,-50,-50,-49,-52,0,-43,-45,-51,-51,-60,-60,-59,-58,-108,-116,-343,-332,-621,-620,-607,-603,-595,-595,-553,-545,-526,-525,-1103,-1091,-1057,-977,-915,-772,-590,-500]} 1. e4 c5 2. Nc3 Nc6 3. g3 g6 4. Bg2 Bg7 5. d3 d6 6. f4 Nf6 7. Nf3 Bg4 8. h3 Bxf3 9. Qxf3 O-O {LiveBook: 11 Games. B25: Closed Sicilian: 3 g3, lines without early Be3} 10. Be3 (10. O-O Rb8 11. Nd1 b5 12. c3 Nd7 13. Ne3 b4 14. e5 Rc8 15. exd6 e6 16. Bd2 Nb6 17. Nc4 bxc3 18. bxc3 Nxc4 19. dxc4 Qxd6 {0-1 (34) Neverov,V (2498)-Jones,G (2657) Gjakova 2016 CBM 173 [Mokal,P]}) 10... Nd7 11. O-O Nd4 {The position is equal.} 12. Qf2 b5 13. Qd2 b4 $146 ({Predecessor:} 13... Rb8 14. g4 b4 {1-0 (30) Trofimova,A (2045)-Shaydullina,S Kolontaevo 1997}) 14. Nd1 {[%cal Bc3d1,Bd1e3,Be3c4][%mdl 32]} Nb5 15. f5 Be5 16. Bf4 Qb6 17. Kh2 Bh8 18. Bh6 Rfe8 19. Ne3 Qd8 20. Qf2 Ne5 21. fxg6 hxg6 22. Nc4 {[#] Threatens to win with Nxe5.} Kh7 23. Qf4 (23. Qd2 $16) 23... Bf6 $14 24. Nxe5 dxe5 25. Qd2 Nd4 26. Be3 Qd6 27. Rf2 Kg7 28. Bh6+ Kh7 29. Be3 Ne6 ({Black should play} 29... Kg7 $11) 30. Raf1 Rh8 31. Bf3 Qa6 32. Ra1 Rad8 33. b3 Kg7 34. Bg4 Nd4 35. Bxd4 Rxd4 36. a4 bxa3 37. Qc1 Qb6 (37... a2 $11) 38. Qxa3 (38. Rxa3 $14 Rf8 39. Rf1) 38... c4 $1 $11 39. bxc4 {[#] And now c5 would win.} Rxd3 $1 40. Qxa7 Qxa7 41. Rxa7 Rd4 42. Re2 Rxc4 43. Ra3 Bg5 44. Kg2 Rb8 45. Ra5 Bf6 46. Ra2 Rb1 47. Bf3 Rc1 48. h4 Rc7 49. Rd2 Rc4 (49... e6 $15) 50. Rb2 e6 51. Ra2 Be7 $36 {[%mdl 2048] Black is pushing.} 52. Rb2 Bb4 53. Re2 Bc5 54. h5 Bd4 55. Ra2 $2 (55. Rb7 $17 {might work better.}) 55... Rc3 $19 {...Rg1+ is the strong threat.} 56. Rd2 $2 (56. Ra4) 56... Rg1+ {Black is clearly winning.} 57. Kh2 Rxf3 58. Rxd4 exd4 59. Kxg1 Rxg3+ {KR-KR} 60. Kf2 Re3 61. hxg6 Kxg6 62. Ra4 Rxe4 63. c3 e5 64. cxd4 Rxd4 {Precision: White = 38%, Black = 55%.} 0-1

[Event "17th Caspian Cup-Masters 2019"]
[Site "Anzali"]
[Date "2019.02.18"]
[Round "8.9"]
[White "Noroozi, Omid"]
[Black "Atakhan, Abtin"]
[Result "1-0"]
[WhiteElo "2336"]
[BlackElo "2179"]
[Annotator "TA"]
[PlyCount "79"]
[EventDate "2019.02.12"]
[EventType "swiss"]
[EventRounds "9"]
[EventCountry "IRI"]
[SourceTitle "playchess.com"]
[Source "ChessBase"]
[SourceQuality "1"]

{[%evp 17,79,0,8,0,0,-5,28,35,29,25,35,35,35,29,29,29,35,32,29,30,56,66,93,90,120,118,120,120,236,231,240,212,198,197,209,191,199,167,187,184,171,172,158,160,227,243,341,102,509,490,506,492,467,323,306,310,299,282,1058,1036,29979,29980,29980,29980]} 1. c4 Nf6 2. Nc3 g6 3. e4 d6 4. d4 Bg7 5. Be2 O-O 6. Bg5 c5 7. dxc5 dxc5 8. Qxd8 Rxd8 9. e5 Nfd7 10. e6 {E74: King's Indian: Averbakh Variation: 6...c5} (10. f4 f6 11. exf6 Nxf6 12. Nf3 Nc6 13. O-O Bf5 14. Ne5 Nxe5 15. fxe5 Ne4 16. Bxe7 Nxc3 17. bxc3 Re8 {½-½ (37) Gonzalez Zamora,J (2510)-Hernandez Guerrero,G (2538) Cuernavaca 2003}) 10... Nf6 11. exf7+ Kxf7 12. Be3 {White has an edge.} Bf5 $146 ({Predecessor:} 12... Na6 13. Nf3 Ng4 14. Bf4 Nb4 15. O-O Bf5 16. h3 Nf6 17. Ne5+ Kf8 {½-½ (34) Buturin,V (2298)-Terletsky,O (2283) Lvov 2010}) 13. Nf3 Nc6 14. Bxc5 h6 15. O-O Ne4 16. Nxe4 Bxe4 17. Ba3 a5 18. Rfe1 Nb4 19. Bd1 $1 Bf5 20. Ne5+ Bxe5 21. Rxe5 Rd4 22. Rb5 Kf6 (22... Rad8 $16 23. Bb3 a4 24. Bxa4 (24. Bxb4 $2 axb3 25. Re5 Rd1+ {[%mdl 64] Double Attack} 26. Re1 bxa2 $19) 24... Bc2) 23. b3 $18 Rd7 24. Bxb4 axb4 25. Bf3 ({Don't do} 25. Rxb4 $6 Rxa2 26. Rc1 e5 $14) 25... Rd2 26. g4 Bd3 27. Rxb4 {Threatens to win with a4.} Raxa2 28. Rxa2 Rxa2 29. Rxb7 {[%mdl 4096] Endgame KRB-KRB} e5 30. Bd5 Kg5 (30... e4 $16 31. h4 Ke5) 31. h3 e4 (31... Kh4 {was worth a try.} 32. Kg2 h5 33. gxh5 gxh5) 32. Kg2 $2 (32. Re7 $18 {and the rest is easy.}) 32... Kh4 $2 {[%mdl 8192] [#]} (32... e3 $16 33. Kg3 exf2 34. h4+ Kf6 35. Rf7+ Ke5 36. Rxf2 Ra3) 33. Re7 $1 Ra1 34. Bxe4 Bf1+ 35. Kh2 Bxh3 36. Rh7 ({Don't play} 36. Bxg6 $6 Ra2 $18) 36... h5 37. gxh5 ({Resist} 37. Bxg6 $6 Bxg4 38. Be4 Re1 $18) 37... g5 $2 {[#]} (37... gxh5 38. Bd5 Bf5) 38. h6 g4 39. Rf7 Ra2 40. Bg2 {Accuracy: White = 79%, Black = 43%.} 1-0

[Event "17th Caspian Cup-Masters 2019"]
[Site "Anzali"]
[Date "2019.02.18"]
[Round "8.10"]
[White "Rastbod, Ali"]
[Black "Asgari, Morteza"]
[Result "1/2-1/2"]
[WhiteElo "2260"]
[BlackElo "2175"]
[Annotator "TA"]
[PlyCount "96"]
[EventDate "2019.02.12"]
[EventType "swiss"]
[EventRounds "9"]
[EventCountry "IRI"]
[SourceTitle "playchess.com"]
[Source "ChessBase"]
[SourceQuality "1"]

{[%evp 16,96,29,19,31,25,22,22,31,29,30,34,32,26,33,16,22,29,29,24,27,9,24,0,0,0,0,0,0,0,12,12,16,21,24,18,21,20,29,3,6,1,6,7,6,3,5,6,8,0,60,59,59,8,42,8,48,14,14,0,63,0,14,14,8,8,8,16,23,4,16,12,16,0,0,0,0,0,0,0,0,0,0]} 1. Nf3 Nf6 2. c4 g6 3. b3 Bg7 4. Bb2 O-O 5. g3 d5 6. Bg2 Nc6 {A05: Réti Opening: 1 Nf3 Nf6} 7. cxd5 Nxd5 8. Bxg7 Kxg7 9. d4 {[%cal Bd2d4,Bd4d5][%mdl 32] LiveBook: 7 Games} Qd6 (9... Bf5 10. O-O Ndb4 11. Na3 a5 12. Qc1 Be4 13. Rd1 e6 14. Qb2 {0-1 (33) Grischuk,A (2767)-Morozevich,A (2665) Moscow 2018}) 10. O-O Bg4 11. e4 Nb6 12. d5 Ne5 13. Qd4 Bxf3 14. Bxf3 Qf6 $146 15. Nd2 Nxf3+ 16. Nxf3 Qxd4 17. Nxd4 Rfd8 18. Nf3 Rac8 19. Rac1 Rd6 20. a4 {[%cal Ba2a4,Ba4a5][%mdl 32]} e6 21. a5 Nd7 22. Nd4 {Strongly threatening Nb5.} exd5 23. Nb5 Ra6 24. exd5 Rxa5 {[#]} 25. Nd6 $1 {[%mdl 512]} Rf8 $1 (25... cxd6 26. Rxc8) 26. Rxc7 Nf6 27. Rxb7 (27. Rd1 {with more complications.} Rxd5 28. Rxd5 Nxd5 29. Rxb7 a6 30. Kg2) 27... Rxd5 28. Nc4 Rd7 29. Rxd7 Nxd7 $11 {[%mdl 4096] Endgame KRN-KRN} 30. Ra1 Nc5 31. b4 Nd3 32. b5 Rb8 (32... Rc8 $1 $11 33. Nd6 Rd8) 33. Rxa7 $14 Rxb5 {[#]} 34. Nd6 ({White should try} 34. Rxf7+ $1 $14 {[%mdl 512]} Kxf7 35. Nd6+ Ke6 36. Nxb5) 34... Rb1+ $11 35. Kg2 Kf6 36. Ne4+ Kf5 37. Nd6+ Kf6 38. Ne4+ Kf5 39. Nc3 Rb2 40. Rxf7+ Ke6 41. Rxh7 {aiming for Ne4.} Nxf2 {White must now prevent ...Nd1+.} 42. Na4 Rc2 {The position is equal.} 43. Kf3 Nd3 44. Nb6 Ne5+ 45. Kf4 Rf2+ 46. Ke4 Re2+ 47. Kf4 Rf2+ 48. Ke4 Re2+ {Precision: White = 52%, Black = 82%.} 1/2-1/2

[Event "17th Caspian Cup-Masters 2019"]
[Site "Anzali"]
[Date "2019.02.18"]
[Round "8.11"]
[White "Nazari, Arad"]
[Black "Aminikiasari, Amer"]
[Result "1/2-1/2"]
[WhiteElo "2210"]
[BlackElo "2318"]
[Annotator "TA"]
[PlyCount "74"]
[EventDate "2019.02.12"]
[EventType "swiss"]
[EventRounds "9"]
[EventCountry "IRI"]
[SourceTitle "playchess.com"]
[Source "ChessBase"]
[SourceQuality "1"]

{[%evp 14,74,7,9,20,13,29,10,29,13,20,22,13,12,30,35,42,26,29,34,30,28,42,0,11,0,0,0,55,0,41,-18,-12,-26,-7,-17,0,-28,0,-24,0,0,0,0,0,0,0,0,0,0,0,0,0,0,0,0,0,0,0,0,0,-29999,0]} 1. e4 c6 2. Nc3 d5 3. Nf3 dxe4 4. Nxe4 Nf6 5. Nxf6+ exf6 6. d4 Bd6 7. Be2 O-O 8. O-O Qc7 {B15: Caro-Kann: 3 Nc3: 3...g6 and 3...dxe4 4 Nxe4 Nf6 5 Nxf6+ exf6} (8... Re8 9. c4 Nd7 10. Bd3 Nf8 11. h3 Ng6 12. Qc2 Qa5 13. c5 Bb8 14. Bd2 Qd8 15. Rfe1 Be6 16. Bc4 Nf8 {0-1 (47) Nepomniachtchi,I (2767)-Carlsen,M (2840) Doha 2016}) 9. h3 Nd7 10. Be3 f5 {The position is equal.} 11. c4 Re8 12. Bd3 Nf6 13. Qc2 g6 14. Rfe1 Bd7 15. a3 $146 ({Predecessor:} 15. Bd2 Rxe1+ 16. Rxe1 {½-½ (17) Barczay,L (2470)-Groszpeter,A (2375) Kecskemet 1979}) 15... Bf4 16. Bd2 Bxd2 17. Qxd2 Qd6 18. c5 Qc7 19. Qh6 Rxe1+ 20. Rxe1 Re8 ({Black should play} 20... Be6 $11) 21. Re5 (21. Rxe8+ $14 Nxe8 22. Bc4) 21... Qd8 22. b4 (22. Bc4 $14) 22... Be6 $11 23. Bc2 Nd7 24. Re3 Nf6 25. Re5 Nd7 26. Re1 Bd5 27. Rxe8+ Qxe8 28. Qe3 Kf8 29. Ne5 Nxe5 30. dxe5 f6 31. Qh6+ Kg8 32. exf6 {[%csl Gf6][%cal Rh6g7]} Qe1+ 33. Kh2 {[%csl Gf6][%cal Rh6g7]} Qe5+ {[%mdl 64] [#] Double Attack} 34. g3 {[%csl Gf6][%cal Rh6g7]} Qxf6 35. Qe3 Qa1 {[%csl Gd5][%cal Ra1h1]} 36. Qe8+ Kg7 {[%csl Gd5][%cal Ra1h1]} 37. Qe3 $2 {[%mdl 8192] [#]} (37. Qe7+ $11 Kh6 38. Qh4+ Kg7 39. Qe7+ {[%mdl 64] Double Attack} Kg8 40. Qd8+ Kg7 41. Qe7+) 37... Qb2 $2 {Accuracy: White = 44%, Black = 37%.} (37... Qh1# {mates}) 1/2-1/2

[Event "17th Caspian Cup-Masters 2019"]
[Site "Anzali"]
[Date "2019.02.18"]
[Round "8.12"]
[White "Hakemi, Arman"]
[Black "Ramezani, Mahan"]
[Result "1/2-1/2"]
[WhiteElo "2317"]
[BlackElo "2093"]
[Annotator "TA"]
[PlyCount "127"]
[EventDate "2019.02.12"]
[EventType "swiss"]
[EventRounds "9"]
[EventCountry "IRI"]
[SourceTitle "playchess.com"]
[Source "ChessBase"]
[SourceQuality "1"]

{[%evp 14,127,10,4,14,7,22,6,10,8,24,18,12,0,10,0,0,0,0,0,0,-15,0,0,8,0,0,-9,26,17,39,-8,-12,-23,-20,-17,-20,-10,6,-18,-12,-20,-17,-29,0,-22,-19,-23,-5,-31,-26,-41,-29,-41,-38,-41,-30,-104,-44,-87,-79,-76,-14,-16,-16,-16,-12,-37,-6,-13,0,0,0,0,0,0,0,0,0,0,23,25,170,106,103,103,96,114,163,41,154,148,186,70,74,82,112,61,64,47,54,51,49,61,57,67,88,0,0,-8,-8,-8,0,0,0,-9]} 1. e4 c5 2. Nf3 g6 3. Bc4 Bg7 4. c3 e6 5. O-O Nc6 6. d4 cxd4 {B27: Sicilian: 2 Nf3, unusual Black 2nd moves} 7. Nxd4 Nxd4 8. cxd4 {LiveBook: 7 Games} d5 9. exd5 exd5 10. Bb3 (10. Bb5+ {is interesting.} Bd7 11. Re1+ Ne7 12. Qe2 Bxb5 13. Qxb5+ Qd7 14. Nc3) (10. Bb5+ Bd7 11. Re1+ Ne7 12. Qa4 Bxb5 13. Qxb5+ Qd7 14. Qb4 {0-1 (32) David,A (2631)-Guseinov,G (2602) Marrakesh 2010}) 10... Ne7 11. Nc3 h6 $146 ({Predecessor:} 11... O-O 12. Bg5 h6 13. Bh4 g5 14. Bg3 {½-½ (54) Kislinsky,A (2336)-Demkovich,A (2426) Kiev 2002}) 12. Be3 O-O 13. Qf3 {[%cal Rc3d5]} Be6 14. Rfe1 Qd7 15. h3 Rac8 16. Rad1 Rfd8 17. Ne2 Bf5 18. Nc3 Be6 19. Bf4 Nc6 20. Ba4 Qe7 21. Bxc6 Rxc6 22. Be5 (22. Nxd5 $5 Qh4 23. Ne7+ Qxe7 24. d5 $14) 22... f6 23. Bg3 {Black should prevent Nxd5!} Qd7 24. Rd2 Bf7 25. Rde2 Re6 (25... Bf8 {feels hotter.} 26. Na4 Bb4 27. Rd1 b6 28. a3 Bf8) 26. Qf4 Rxe2 27. Rxe2 Rc8 28. Kh2 Rd8 29. Qe3 Bf8 30. Qd3 Kg7 31. Re3 Rc8 32. Re2 Rc4 33. b3 Rc8 34. Qb5 Rc6 35. Na4 (35. Nd1 $11) 35... a6 (35... Qc8 $1 $17 36. Qa5 g5) 36. Qa5 Qc8 37. Re3 Rc2 (37... g5 $17) 38. Nc5 Bxc5 39. dxc5 Rxc5 40. Qd2 Rc2 41. Qb4 Rc6 42. Re7 b6 {[%cal Bb7b6,Bb6b5][%mdl 32]} 43. Qd4 Re6 44. Ra7 Qc5 45. Qf4 b5 46. Qb8 Re7 47. Rxa6 Qc3 (47... Re8 $11 {and Black has nothing to worry.} 48. Qf4 Re6) 48. Qd8 ({Much less strong is} 48. Qxb5 Re1 $16) (48. Bd6 $1 $18 {[%cal Rd6e7]} Re8 49. Qxb5) 48... Re8 49. Qd7 {Black must now prevent Ra7.} Qc8 50. Qxb5 Re1 51. Qc6 (51. Rc6 $18 Be8 52. Rxc8 Bxb5 53. Rc7+ Kf8 54. Rc5) 51... Qf5 ({Better is} 51... Qxc6 $14 52. Rxc6 d4) 52. Qc3 $1 $16 {[%cal Rc3e1]} Re2 53. Ra7 (53. b4 $18) 53... g5 $1 $14 54. b4 h5 55. Qc7 ({White should play} 55. h4 $1 $16) 55... Qe6 56. h4 gxh4 $1 57. Bxh4 Re4 $1 {[%cal Re4h4]} 58. Qg3+ Rg4 59. Qh3 {f3 is the strong threat.} Qb6 {[#]} 60. Ra3 (60. f3 $1 $16 Rxh4 {[#]} 61. Rxf7+ $1 {[%mdl 512]} Kxf7 62. Qxh4) 60... Qxb4 $11 {The position is equal.} 61. Rg3 Qf4 {Threatens to win with ...Bg6.} 62. Kg1 Qc1+ 63. Kh2 Qf4 {Hoping for ...Bg6.} 64. Kg1 {Precision: White = 34%, Black = 51%.} 1/2-1/2

[Event "17th Caspian Cup-Masters 2019"]
[Site "Anzali"]
[Date "2019.02.18"]
[Round "8.13"]
[White "Danielyan, Vahe"]
[Black "Lomsadze, Davit"]
[Result "1-0"]
[WhiteElo "2186"]
[BlackElo "2286"]
[Annotator "TA"]
[PlyCount "124"]
[EventDate "2019.02.12"]
[EventType "swiss"]
[EventRounds "9"]
[EventCountry "IRI"]
[SourceTitle "playchess.com"]
[Source "ChessBase"]
[SourceQuality "1"]

{[%evp 22,124,41,23,28,0,0,0,0,-26,0,0,0,0,0,0,0,0,0,-5,34,15,14,-2,0,0,0,0,0,0,41,30,31,54,48,50,70,61,109,66,69,55,143,143,191,170,184,172,145,16,237,270,447,549,612,581,475,426,678,629,642,549,504,447,1561,1737,1360,1118,1741,1435,6211,1465,29969,29970,29970,29970,29969,29971,29971,29972,29971,29969,29968,29969,29969,29969,29969,29970,29976,29977,29977,29978,29978,29979,29979,29979,29979,29980,29980,29981,29981,29982,29982,29983,29984]} 1. e4 e5 2. Nf3 Nc6 3. Bb5 a6 4. Ba4 d6 5. d4 b5 6. Bb3 Nxd4 7. Nxd4 exd4 8. c3 Nf6 9. cxd4 Be7 10. O-O O-O 11. Nc3 Bb7 12. e5 {LiveBook: 4 Games. C71: Ruy Lopez: Deferred Steinitz Variation, sidelines} Nd7 13. Bf4 dxe5 14. dxe5 {Threatens to win with Qg4.The position is equal.} Nc5 15. Bd5 (15. Bc2 {keeps more tension.} b4 16. Na4 Ne6 17. Be3 Qe8 18. Qg4) 15... Bxd5 $146 (15... c6 $5 {[%cal Rc6d5]} 16. Bf3 Nd3 $15) ({Predecessor:} 15... c6 16. Bf3 Nd3 17. Qd2 Nxe5 18. Qe3 Nxf3+ 19. Qxf3 Qb6 {½-½ (52) Ivanov,I (2315)-Toshkov,T (2435) Primorsko 1987}) 16. Nxd5 c6 17. Nxe7+ Qxe7 18. Qf3 Ne6 19. Be3 c5 20. Rfd1 Rfd8 21. Qc6 Rdc8 22. Qd6 Qb7 {White must now prevent ...Rd8.} 23. Qd5 Qxd5 24. Rxd5 c4 25. f4 Rd8 26. Rad1 Rxd5 27. Rxd5 Rd8 28. Rxd8+ Nxd8 $14 {[%mdl 4096] Endgame KB-KN} 29. Kf2 Kf8 30. Bc5+ Ke8 31. Ke3 Kd7 (31... Ne6 $14 32. Bb6 g5) 32. f5 $16 g6 {[#]} 33. g4 $1 gxf5 34. gxf5 a5 35. a4 (35. Ke4 $16) 35... b4 $2 (35... Nb7 $1 $11 {and Black stays safe.} 36. Ba7 c3 37. bxc3 bxa4) 36. Kd4 $18 Nc6+ $2 (36... c3 37. bxc3 b3) 37. Kd5 c3 38. bxc3 b3 39. e6+ Ke8 (39... fxe6+ $142 40. fxe6+ Kc7 41. Bd6+ Kd8) 40. Ba3 Ne7+ 41. Ke5 Nc6+ 42. Kf6 Nd8 {[#]} (42... fxe6 $142 43. Kxe6 (43. fxe6 Ne7 $16) 43... Nd8+ 44. Kd5 h5) 43. exf7+ $1 Nxf7 44. Kg7 h5 45. f6 h4 46. c4 {[%cal Bc3c4,Bc4c5,Bc5c6][%mdl 32]} h3 47. c5 {White mates.} Ng5 48. c6 Kd8 49. f7 Kc7 50. f8=Q Ne6+ 51. Kf7 Nxf8 52. Kxf8 Kxc6 {KB-K3P} 53. Ke7 Kd5 54. Kd7 Ke4 55. Kc6 Kf3 56. Kb5 Kg2 57. Kc4 Kxh2 58. Kxb3 Kg3 59. Kc4 Kf4 60. Bd6+ Kf5 61. Kb5 Ke6 62. Bh2 Kd5 {Precision: White = 77%, Black = 43%.} 1-0

[Event "17th Caspian Cup-Masters 2019"]
[Site "Anzali"]
[Date "2019.02.19"]
[Round "9.1"]
[White "Mosadeghpour, Masoud"]
[Black "Mirzoev, Azer"]
[Result "1/2-1/2"]
[WhiteElo "2531"]
[BlackElo "2483"]
[Annotator "TA"]
[PlyCount "32"]
[EventDate "2019.02.12"]
[EventType "swiss"]
[EventRounds "9"]
[EventCountry "IRI"]
[SourceTitle "playchess.com"]
[Source "ChessBase"]
[SourceQuality "1"]

{[%evp 15,21,10,14,8,8,2,36,15]} 1. e4 e5 2. Nf3 Nc6 3. Bb5 Nf6 4. O-O Nxe4 5. Re1 Nd6 6. Nxe5 Be7 7. Bf1 Nxe5 8. Rxe5 O-O 9. Nc3 {C67: Ruy Lopez: Berlin Defence: 4 0-0 Nxe4} (9. d4 Bf6 10. Re1 Re8 11. Rxe8+ Nxe8 12. c3 d5 13. Bf4 Nd6 14. Nd2 c6 15. Qf3 Be6 16. Re1 Qd7 17. h3 Re8 18. Bd3 {1-0 (26) Saric,I (2690)-Caruana,F (2828) chess.com INT 2019}) 9... Bf6 10. Re1 b6 11. Nd5 {Predecessor:} Bb7 $146 12. Nxf6+ Qxf6 13. d3 Rae8 14. Rxe8 Rxe8 15. c3 a5 16. Qg4 Nf5 {½-½ (41) Fier,A (2573)-Kamsky,G (2676) Bastia 2017} 1/2-1/2